000 00399nam a2200169Ia 4500
100 _aAlciatore/D.G/ Histand/Michael B
650 _aMechatronics
250 _a3
942 _cBK
366 _f20
245 _aIntroduction to Mechatronics and Measurement system
260 _bTata Mc Graw hill Ltd.
_c2007
082 _a621.381
_bALC
300 _a509
546 _aENGLISH
_cTTL
999 _c34344
_d34344